000 00391nam a2200145Ia 4500
005 20250320131959.0
008 240331s9999 xx 000 0 und d
082 _bNEE
_a894
100 _aNeelavan,
245 0 _aPalli manavarkallukkup paventhar
260 _aChennai
_bAlaigal veliyetagam
_c1990
300 _a117 p .,
500 _aBharathiyerin kulanthai padalakalum vilagamum
942 _cL
999 _c4094
_d4094